Statistics for 10 Most Western Countries in Europe

Click here to take the quiz!

General Stats

  • This quiz has been taken 93 times
  • The average score is 10 of 10

Answer Stats

LongitudeAnswer% Correct
9°50' WPortugal
100%
9°18' WSpain
100%
5°08' WFrance
99%
24°32' WIceland
99%
2°35' EBelgium
98%
10°28' WIreland
98%
8°10' WUnited Kingdom
98%
3°21'ENetherlands
93%
1°24' EAndorra
87%
9°04' WNorway
87%

Score Distribution

Percentile by Number Answered

Percent of People with Each Score

Your Score History

You have not taken this quiz